000 00507nam a2200157 a 4500
001 000028657
005 20200930055048.0
008 110411s2004 dr a 000 0 spa d
040 _aDO-SdBNP
_bspa
_cBNPHU
082 _axxx
111 1 _aSeminario la participación popular en viviendas de bajo costo(1-5/1982).
_955623
245 1 0 _aParticipación popular en viviendas de bajo costo :
_bconclusiones/.
260 _aSanto Domingo :
_bINVI,
_c[19--?].
300 _a176 p. :
_bil. ;
_c21 cm.
049 _aBNPD
999 _c28149
_d28149